Music Quiz

Random Music or Album Quiz

Jackson 5 Songs Quiz Stats

 Plays Quiz Updated Nov 15, 2015

Score 0/93 Timer 15:00
0 Plays Today
Album % Correct
ABCABC
96.1%
Diana Ross Presents The Jackson 5I Want You Back
65.3%
Get it TogetherDancing Machine
63.7%
Dancing MachineDancing Machine
63.7%
Third AlbumI'll Be There
60.1%
Maybe TomorrowMaybe Tomorrow
53.9%
SkywriterSkywriter
49%
Get it TogetherGet It Together
48.4%
Lookin' Through the WindowsLookin' Through the Windows
46.9%
Moving ViolationMoving Violation
44.8%
ABCThe Love You Save
43.4%
Maybe TomorrowNever Can Say Goodbye
33.3%
Diana Ross Presents The Jackson 5Who's Loving You
32.4%
Third AlbumMama's Pearl
30.4%
ABC2-4-6-8
22.9%
Third AlbumGoin' Back to Indiana
22.2%
Diana Ross Presents The Jackson 5Stand!
22.1%
ABCOne More Chance
21.6%
ABCI Found That Girl
21.2%
Moving ViolationForever Came Today
20.5%
Dancing MachineI Am Love
19.9%
Lookin' Through the WindowsDoctor My Eyes
19.3%
Diana Ross Presents The Jackson 5Can You Remember
19.1%
Diana Ross Presents The Jackson 5Nobody
18.9%
Third AlbumDarling Dear
18.9%
SkywriterCorner of the Sky
18.7%
ABCThe Young Folks
18.5%
ABCLa-La (Means I Love You)
18.4%
Third AlbumBridge Over Troubled Water
18.4%
Diana Ross Presents The Jackson 5Zip-A-Dee-Doo-Dah
18%
Maybe Tomorrow16 Candles
18%
Album % Correct
ABCDon't Know Why I Love You
17.9%
Lookin' Through the WindowsLittle Bitty Pretty One
17.9%
Lookin' Through the WindowsAin't Nothing Like the Real Thing
17.6%
Third AlbumHow Funky Is Your Chicken
17.5%
Diana Ross Presents The Jackson 5Born to Love You
17.1%
ABCI'll Bet You
17.1%
Maybe TomorrowThe Wall
17.1%
SkywriterThe Boogie Man
17.1%
Diana Ross Presents The Jackson 5You've Changed
17.1%
Moving ViolationAll I Do Is Think of You
17%
Diana Ross Presents The Jackson 5My Cherie Amour
16.9%
Dancing MachineThe Life of the Party
16.9%
SkywriterTouch
16.8%
Moving ViolationBody Language (Do the Love Dance)
16.4%
Diana Ross Presents The Jackson 5Chained
16.2%
SkywriterHallelujah Day
16.2%
Diana Ross Presents The Jackson 5Standing in the Shadows of Love
16.1%
Maybe TomorrowPetals
16%
ABCNever Had a Dream Come True
16%
Maybe TomorrowHoney Chile
15.9%
Third AlbumReach In
15.7%
Third AlbumCan I See You in the Morning
15.5%
Third AlbumOh How Happy
15.4%
Moving ViolationBreezy
15.4%
Third AlbumReady or Not Here I Come (Can't Hide From Love)
15.2%
Maybe TomorrowShe's Good
14.7%
Diana Ross Presents The Jackson 5(I Know) I'm Losing You
14.4%
ABCTrue Love Can Be Beautiful
14.4%
Get it TogetherHum Along and Dance
14.1%
Get it TogetherMama I Gotta Brand New Thing (Don't Say No)
14.1%
SkywriterUppermost
14.1%
Album % Correct
Get it TogetherReflections
14.1%
Lookin' Through the WindowsTo Know
13.8%
ABC(Come 'Round Here) I'm the One You Need
13.7%
Lookin' Through the WindowsChildren of the Light
13.7%
Third AlbumThe Love I Saw in You Was Just a Mirage
13.6%
Lookin' Through the WindowsIf I Have to Move a Mountain
13.6%
Get it TogetherIt's Too Late to Change the Time
13.6%
Get it TogetherDon't Say Goodbye Again
13.4%
Dancing MachineWhatever You Got, I Want
12.8%
Maybe Tomorrow(We've Got) Blue Skies
12.6%
Moving ViolationHoney Love
12.4%
Moving ViolationCall of the Wild
12.3%
Maybe TomorrowIt's Great to Be Here
12.2%
Moving ViolationTime Explosion
12%
Lookin' Through the WindowsDon't Let Your Baby Catch You
12%
Maybe TomorrowI Will Find a Way
11.7%
Dancing MachineWhat You Don't Know
11.6%
Maybe TomorrowMy Little Baby
11.4%
Get it TogetherYou Need Love Like I Do (Don't You?)
11.2%
Dancing MachineShe's a Rhythm Child
10.9%
Moving Violation(You Were Made) Especially For Me
10.9%
Lookin' Through the WindowsE-Ne-Me-Ne-Mi-Ne-Moe (The Choice is Yours To Pull)
10.9%
Lookin' Through the WindowsDon't Want to See Tomorrow
10.3%
Dancing MachineIf I Don't Love You This Way
10.3%
Dancing MachineThe Mirrors of My Mind
10.3%
SkywriterWorld of Sunshine
10.2%
SkywriterYou Made Me What I Am
10.1%
SkywriterI Can't Quit Your Love
10%
Lookin' Through the WindowsI Can Only Give You Love
9.8%
SkywriterOoh, I'd Love to Be with You
9.8%
Dancing MachineIt All Begins and Ends With Love
9.4%

You're not logged in!

Compare scores with friends on all Sporcle quizzes.
OR
Log In

Sporcle TV

Today on Sporcle TV


Watch our educational content, quiz creation guides, and fun videos on Sporcle TV.

Show Comments

Extras

Top Quizzes Today


Score Distribution

Your Account Isn't Verified!

In order to create a playlist on Sporcle, you need to verify the email address you used during registration. Go to your Sporcle Settings to finish the process.

Report this User

Report this user for behavior that violates our Community Guidelines.

Details: